<?xml version="1.0" encoding="UTF-8"?>
<record
    xmlns:xsi="http://www.w3.org/2001/XMLSchema-instance"
    xsi:schemaLocation="http://www.loc.gov/MARC21/slim http://www.loc.gov/standards/marcxml/schema/MARC21slim.xsd"
    xmlns="http://www.loc.gov/MARC21/slim">

  <leader>00649nam a2200205 i 4500</leader>
  <controlfield tag="001">33101</controlfield>
  <controlfield tag="003">ES-MaACL</controlfield>
  <controlfield tag="005">20230906154709.0</controlfield>
  <controlfield tag="007">t|</controlfield>
  <controlfield tag="008">030201s1968    sp           ||||1| spa d</controlfield>
  <datafield tag="100" ind1="1" ind2=" ">
    <subfield code="a">Gonzalo de Berceo.</subfield>
    <subfield code="9">149511</subfield>
  </datafield>
  <datafield tag="245" ind1="1" ind2="0">
    <subfield code="a">Vida de Santo Domingo de Silos / </subfield>
    <subfield code="c">Gonzalo de Berceo ; introducci&#xF3;n, edici&#xF3;n y notas de Germ&#xE1;n Ordu&#xF1;a.</subfield>
  </datafield>
  <datafield tag="260" ind1=" " ind2=" ">
    <subfield code="a">[Salamanca, etc.] : </subfield>
    <subfield code="b">Anaya, </subfield>
    <subfield code="c">[1968]</subfield>
  </datafield>
  <datafield tag="300" ind1=" " ind2=" ">
    <subfield code="a">205 p. ; </subfield>
    <subfield code="c">17 cm.</subfield>
  </datafield>
  <datafield tag="490" ind1="1" ind2=" ">
    <subfield code="a">Biblioteca Anaya ; </subfield>
    <subfield code="v">86</subfield>
  </datafield>
  <datafield tag="700" ind1="1" ind2=" ">
    <subfield code="a">Ordu&#xF1;a, Germ&#xE1;n.</subfield>
    <subfield code="9">87208</subfield>
  </datafield>
  <datafield tag="830" ind1="0" ind2=" ">
    <subfield code="a">Biblioteca Anaya ; </subfield>
    <subfield code="v">86</subfield>
    <subfield code="9">181464</subfield>
  </datafield>
  <datafield tag="852" ind1=" " ind2=" ">
    <subfield code="a">ES-MaACL</subfield>
    <subfield code="j">C-35359 </subfield>
    <subfield code="b">R.68521</subfield>
  </datafield>
  <datafield tag="999" ind1=" " ind2=" ">
    <subfield code="c">33101</subfield>
    <subfield code="d">33101</subfield>
  </datafield>
  <datafield tag="952" ind1=" " ind2=" ">
    <subfield code="0">0</subfield>
    <subfield code="1">0</subfield>
    <subfield code="4">0</subfield>
    <subfield code="7">0</subfield>
    <subfield code="a">ATENEOM</subfield>
    <subfield code="b">ATENEOM</subfield>
    <subfield code="c">DEPO2</subfield>
    <subfield code="d">2008-01-17</subfield>
    <subfield code="e">SC</subfield>
    <subfield code="l">0</subfield>
    <subfield code="o">C-35359</subfield>
    <subfield code="p">1034407</subfield>
    <subfield code="r">2023-02-23 00:00:00</subfield>
    <subfield code="w">2023-02-23</subfield>
    <subfield code="y">MONOGRAFIA</subfield>
  </datafield>
</record>
